|
|
|
|
| LEADER |
00000nam0a2200000 4500 |
| 001 |
268340 |
| 005 |
20231101234146.0 |
| 035 |
|
|
|a (RuTPU)RU\TPU\book\291491
|
| 090 |
|
|
|a 268340
|
| 100 |
|
|
|a 20140902d1986 km y0rusy50 ca
|
| 101 |
0 |
|
|a rus
|
| 102 |
|
|
|a UA
|
| 105 |
|
|
|a y z 001zy
|
| 200 |
1 |
|
|a Научно-технический прогресс и проблемы материалосбережения
|f А. А. Коренной, А. Ф. Войтенко, А. Г. Руденок
|
| 210 |
|
|
|a Киев
|c Технiка
|d 1986
|
| 215 |
|
|
|a 107 с.
|
| 320 |
|
|
|a Библиогр.: с. 107
|
| 606 |
1 |
|
|a Материально-техническое снабжение
|x Управление
|2 stltpush
|3 (RuTPU)RU\TPU\subj\36395
|9 57793
|
| 610 |
1 |
|
|a НТП
|
| 610 |
1 |
|
|a научно-технический прогресс
|
| 610 |
1 |
|
|a снабженческо-сбытовая деятельность
|
| 610 |
1 |
|
|a сбережения
|
| 610 |
1 |
|
|a бережливое производство
|
| 610 |
1 |
|
|a бережливое управление
|
| 610 |
1 |
|
|a бережливость
|
| 610 |
1 |
|
|a материалоемкость
|
| 610 |
1 |
|
|a снижение
|
| 686 |
|
|
|a У9(2)40
|v LBC/SL-A
|2 rubbk
|
| 700 |
|
1 |
|a Коренной
|b А. А.
|g Алексей Алексеевич
|
| 701 |
|
1 |
|a Войтенко
|b А. Ф.
|g Алексей Федорович
|
| 701 |
|
1 |
|a Руденок
|b А. Г.
|g Анатолий Григорьевич
|
| 801 |
|
1 |
|a RU
|b 63413507
|c 20140902
|
| 801 |
|
2 |
|a RU
|b 63413507
|c 20170217
|g RCR
|
| 942 |
|
|
|c BK
|